| 000 | 00958nam a22002417a 4500 | ||
|---|---|---|---|
| 999 |
_c19788 _d19788 |
||
| 003 | AR-CdUCM | ||
| 008 | 190522b ||||| |||| 00| 0 spa d | ||
| 040 |
_aMUNICIPALIDAD PROVINCIAL DEL CUSCO _cBIBLIOTECA MUNICIPAL DEL CUSCO |
||
| 082 |
_23ed _a329 / _bD98 |
||
| 100 |
_aDuverger, Maurice _941381 |
||
| 245 | _aLos partidos políticos / | ||
| 260 |
_aMéxico, D.F : _bFondo de Cultura Económica, _c1965. |
||
| 300 |
_a459 páginas ; _c22 cm. |
||
| 440 |
_aSección de obras de política _941382 |
||
| 505 | _aContenido: La estructura de los partidos -- La armazón de los partidos -- Los miembros de los partidos -- La dirección de los partidos... | ||
| 650 |
_aPartidos políticos _91565 |
||
| 650 |
_aEstructura de los partidos _941383 |
||
| 650 |
_aSistemas de partidos _941384 |
||
| 700 |
_aCampos, Julieta (traducción) _941385 |
||
| 700 |
_aGonzáles Pedrero, Enrique (traducción) _936146 |
||
| 942 |
_2ddc _cLIBROS |
||
| 945 |
_adavv _d2019-05-22 |
||